000 00493nam a2200181Ia 4500
005 20250326124233.0
008 250326s9999 xx 000 0 und d
037 _aTextbook
040 _aFMSL
_beng
_cFMSL
041 _aeng
_2eng
084 _aX:513 L9
_qFMSL
100 _aBaker S
_968365
245 0 _aSystematic approach to advertising creativity
_cBaker S
260 _aNY
_bNY, McGraw-Hill
_c1979
300 _a280p
942 _cTB
_hX:513 L9
999 _c1272886
_d1272886